<?xml version="1.0" encoding="UTF-8"?>
<record
    xmlns:xsi="http://www.w3.org/2001/XMLSchema-instance"
    xsi:schemaLocation="http://www.loc.gov/MARC21/slim http://www.loc.gov/standards/marcxml/schema/MARC21slim.xsd"
    xmlns="http://www.loc.gov/MARC21/slim">

  <leader>00859nam a2200241 a 4500</leader>
  <controlfield tag="001">53927</controlfield>
  <controlfield tag="003">BD-RjUL</controlfield>
  <controlfield tag="005">20251030121349.0</controlfield>
  <controlfield tag="008">161029s1948    ii ||||| |||| 00| 0 ben d</controlfield>
  <datafield tag="020" ind1=" " ind2=" ">
    <subfield code="c">: IRs 3.00 </subfield>
  </datafield>
  <datafield tag="035" ind1=" " ind2=" ">
    <subfield code="a">(BD-RjUL)54049</subfield>
  </datafield>
  <datafield tag="040" ind1=" " ind2=" ">
    <subfield code="a">BD-RjUL</subfield>
    <subfield code="b">ben </subfield>
    <subfield code="c">BD-RjUL</subfield>
  </datafield>
  <datafield tag="041" ind1=" " ind2=" ">
    <subfield code="a">ben </subfield>
  </datafield>
  <datafield tag="082" ind1=" " ind2=" ">
    <subfield code="2">23 </subfield>
    <subfield code="a">833 </subfield>
    <subfield code="b">MAB 1948 </subfield>
  </datafield>
  <datafield tag="100" ind1=" " ind2=" ">
    <subfield code="a">&#x9AE;&#x9CD;&#x9AF;&#x9BE;&#x9A8;, &#x9B9;&#x9BE;&#x987;&#x9A8;&#x9B0;&#x9BF;&#x996; </subfield>
    <subfield code="9">161048</subfield>
  </datafield>
  <datafield tag="245" ind1="1" ind2="0">
    <subfield code="a"> &#x9AC;&#x9CD;&#x9B2;&#x9C1;&#x98F;&#x99E;&#x9CD;&#x99C;&#x9C7;&#x9B2; / </subfield>
    <subfield code="c">&#x9B9;&#x9BE;&#x987;&#x9A8;&#x9B0;&#x9BF;&#x996; &#x9AE;&#x9CD;&#x9AF;&#x9BE;&#x9A8;</subfield>
  </datafield>
  <datafield tag="260" ind1=" " ind2=" ">
    <subfield code="a">&#x995;&#x9B2;&#x9BF;&#x995;&#x9BE;&#x9A4;&#x9BE; :</subfield>
    <subfield code="b">&#x9AC;&#x9C1;&#x995; &#x9B8;&#x9CD;&#x99F;&#x9CD;&#x9AF;&#x9BE;&#x9A8;&#x9CD;&#x9A1;, </subfield>
    <subfield code="c">&#x9E7;&#x9EF;&#x9EA;&#x9EE; [&#x9E7;&#x9E9;&#x9EB;&#x9EB;] </subfield>
  </datafield>
  <datafield tag="300" ind1=" " ind2=" ">
    <subfield code="a">[&#x9EE;], &#x9E8;&#x9EB;&#x9EA; &#x9AA;&#x9C3;. ; </subfield>
    <subfield code="c">&#x9E7;&#x9EF; &#x9B8;&#x9C7;&#x9AE;&#x9BF;. </subfield>
  </datafield>
  <datafield tag="650" ind1=" " ind2=" ">
    <subfield code="a">&#x99C;&#x9BE;&#x9B0;&#x9CD;&#x9AE;&#x9BE;&#x9A8; &#x989;&#x9AA;&#x9A8;&#x9CD;&#x9AF;&#x9BE;&#x9B8; </subfield>
    <subfield code="9">161049</subfield>
  </datafield>
  <datafield tag="650" ind1=" " ind2=" ">
    <subfield code="a">German Fiction </subfield>
    <subfield code="9">161050</subfield>
  </datafield>
  <datafield tag="700" ind1=" " ind2=" ">
    <subfield code="a">&#x998;&#x9CB;&#x9B7;, &#x9B6;&#x9C8;&#x9B2;&#x9AC;&#x9BF;&#x9B9;&#x9BE;&#x9B0;&#x9C0; </subfield>
    <subfield code="9">17260</subfield>
  </datafield>
  <datafield tag="942" ind1=" " ind2=" ">
    <subfield code="2">ddc</subfield>
    <subfield code="c">BK</subfield>
  </datafield>
  <datafield tag="999" ind1=" " ind2=" ">
    <subfield code="c">53927</subfield>
    <subfield code="d">53927</subfield>
  </datafield>
  <datafield tag="952" ind1=" " ind2=" ">
    <subfield code="0">0</subfield>
    <subfield code="1">0</subfield>
    <subfield code="2">ddc</subfield>
    <subfield code="4">0</subfield>
    <subfield code="7">0</subfield>
    <subfield code="8">FIC</subfield>
    <subfield code="a">RUCL</subfield>
    <subfield code="b">RUCL</subfield>
    <subfield code="c">Stack</subfield>
    <subfield code="d">1955-10-19</subfield>
    <subfield code="e">Mukaram Publications </subfield>
    <subfield code="g">3.15</subfield>
    <subfield code="l">0</subfield>
    <subfield code="o">B 833  MAB 1948</subfield>
    <subfield code="r">2016-10-29 00:00:00</subfield>
    <subfield code="t">C-2</subfield>
    <subfield code="w">2021-12-09</subfield>
    <subfield code="y">BK</subfield>
  </datafield>
</record>
